<?xml version='1.0' encoding='UTF-8'?>
  <record xmlns="http://www.loc.gov/MARC21/slim">
    <leader>00000cam a2200000 i 4500</leader>
    <controlfield tag="001">ocm82190918</controlfield>
    <controlfield tag="003">OCoLC</controlfield>
    <controlfield tag="005">20250226101457.6</controlfield>
    <controlfield tag="008">840603s1531    gw            000 0 lat d</controlfield>
    <datafield tag="040" ind1=" " ind2=" ">
      <subfield code="a">DNLM</subfield>
      <subfield code="b">eng</subfield>
      <subfield code="e">rda</subfield>
      <subfield code="e">dcrmb</subfield>
      <subfield code="c">STF</subfield>
      <subfield code="d">OCLCG</subfield>
      <subfield code="d">OCLCQ</subfield>
      <subfield code="d">OCLCF</subfield>
      <subfield code="d">OCLCO</subfield>
      <subfield code="d">OCLCQ</subfield>
      <subfield code="d">ABH</subfield>
      <subfield code="d">OCLCO</subfield>
      <subfield code="d">OCLCA</subfield>
      <subfield code="d">OCLCO</subfield>
      <subfield code="d">QGJ</subfield>
      <subfield code="d">OCLCO</subfield>
      <subfield code="d">OCLCA</subfield>
      <subfield code="d">OCLCO</subfield>
      <subfield code="d">OCLCL</subfield>
      <subfield code="d">OCLCQ</subfield>
      <subfield code="d">QGJ</subfield>
    </datafield>
    <datafield tag="035" ind1=" " ind2=" ">
      <subfield code="a">(OCoLC)82190918</subfield>
    </datafield>
    <datafield tag="050" ind1=" " ind2="4">
      <subfield code="a">RC201</subfield>
      <subfield code="b">.H88 1531</subfield>
    </datafield>
    <datafield tag="060" ind1="0" ind2=" ">
      <subfield code="a">WZ 240</subfield>
      <subfield code="b">H982dg 1531</subfield>
    </datafield>
    <datafield tag="100" ind1="1" ind2=" ">
      <subfield code="a">Hutten, Ulrich von,</subfield>
      <subfield code="d">1488-1523,</subfield>
      <subfield code="e">author.</subfield>
      <subfield code="4">aut</subfield>
      <subfield code="1">https://id.oclc.org/worldcat/entity/E39PBJrCdD9YT8RrY6WK3cR7pP</subfield>
    </datafield>
    <datafield tag="245" ind1="1" ind2="0">
      <subfield code="a">Vlrichi de Hutten Eq. De guaiaci medicina et morbo Gallico liber vnus.</subfield>
    </datafield>
    <datafield tag="246" ind1="3" ind2="0">
      <subfield code="a">De guaiaci medicina et morbo Gallico liber vnus</subfield>
    </datafield>
    <datafield tag="246" ind1="3" ind2=" ">
      <subfield code="a">Ulrichi de Hutten Eq. De guaiaci medicina et morbo Gallico liber unus.</subfield>
    </datafield>
    <datafield tag="264" ind1=" " ind2="1">
      <subfield code="a">Moguntiae :</subfield>
      <subfield code="b">In aedibus Joannis Schoeffer,</subfield>
      <subfield code="c">anno M.D.XXXI [1531].</subfield>
    </datafield>
    <datafield tag="300" ind1=" " ind2=" ">
      <subfield code="a">126, [2] pages ;</subfield>
      <subfield code="c">16 cm (8vo)</subfield>
    </datafield>
    <datafield tag="336" ind1=" " ind2=" ">
      <subfield code="a">text</subfield>
      <subfield code="b">txt</subfield>
      <subfield code="2">rdacontent</subfield>
    </datafield>
    <datafield tag="337" ind1=" " ind2=" ">
      <subfield code="a">unmediated</subfield>
      <subfield code="b">n</subfield>
      <subfield code="2">rdamedia</subfield>
    </datafield>
    <datafield tag="338" ind1=" " ind2=" ">
      <subfield code="a">volume</subfield>
      <subfield code="b">nc</subfield>
      <subfield code="2">rdacarrier</subfield>
    </datafield>
    <datafield tag="340" ind1=" " ind2=" ">
      <subfield code="m">8vo</subfield>
      <subfield code="2">rdabf</subfield>
    </datafield>
    <datafield tag="500" ind1=" " ind2=" ">
      <subfield code="a">Printer statement from colophon.</subfield>
    </datafield>
    <datafield tag="500" ind1=" " ind2=" ">
      <subfield code="a">Signatures: A-H⁸ (H8 is blank).</subfield>
    </datafield>
    <datafield tag="500" ind1=" " ind2=" ">
      <subfield code="a">Text in italic type, with title page, section headings, and some vocabulary and names in roman.</subfield>
    </datafield>
    <datafield tag="500" ind1=" " ind2=" ">
      <subfield code="a">Ornamental border around title; initials; printer's device on page 126.</subfield>
    </datafield>
    <datafield tag="500" ind1=" " ind2=" ">
      <subfield code="a">Includes an exchange of letters between Paul Ricius and the author (pages 118-123) and a postscript by Wolfgang Angst (pages 123-124).</subfield>
    </datafield>
    <datafield tag="500" ind1=" " ind2=" ">
      <subfield code="a">The 6th chapter contains a passage relating to "a Spanish island [Cuba] ... which lies towards the west near America."</subfield>
    </datafield>
    <datafield tag="510" ind1="4" ind2=" ">
      <subfield code="a">Verzeichnis der im deutschen Sprachbereich erschienenen Drucke des 16. Jahrhunderts (VD 16),</subfield>
      <subfield code="c">H 6350</subfield>
      <subfield code="u">https://gateway-bayern.de/VD16+H+6350</subfield>
    </datafield>
    <datafield tag="650" ind1=" " ind2="0">
      <subfield code="a">Syphilis</subfield>
      <subfield code="v">Early works to 1800.</subfield>
    </datafield>
    <datafield tag="650" ind1=" " ind2="0">
      <subfield code="a">Guaiac</subfield>
      <subfield code="v">Early works to 1800.</subfield>
    </datafield>
    <datafield tag="650" ind1=" " ind2="2">
      <subfield code="a">Guaiac</subfield>
      <subfield code="x">therapeutic use</subfield>
    </datafield>
    <datafield tag="650" ind1=" " ind2="2">
      <subfield code="a">Syphilis</subfield>
      <subfield code="x">drug therapy</subfield>
    </datafield>
    <datafield tag="650" ind1=" " ind2="2">
      <subfield code="a">Syphilis</subfield>
      <subfield code="x">epidemiology</subfield>
    </datafield>
    <datafield tag="650" ind1=" " ind2="6">
      <subfield code="a">Syphilis</subfield>
      <subfield code="v">Ouvrages avant 1800.</subfield>
    </datafield>
    <datafield tag="650" ind1=" " ind2="7">
      <subfield code="a">Guaiac</subfield>
      <subfield code="2">fast</subfield>
    </datafield>
    <datafield tag="650" ind1=" " ind2="7">
      <subfield code="a">Syphilis</subfield>
      <subfield code="2">fast</subfield>
    </datafield>
    <datafield tag="655" ind1=" " ind2="7">
      <subfield code="a">Early works</subfield>
      <subfield code="2">fast</subfield>
    </datafield>
    <datafield tag="700" ind1="1" ind2=" ">
      <subfield code="a">Ricius, Paulus,</subfield>
      <subfield code="d">1480-1541,</subfield>
      <subfield code="e">contributor.</subfield>
      <subfield code="4">ctb</subfield>
      <subfield code="1">https://id.oclc.org/worldcat/entity/E39PCjvP4CQdhtm6dpVyYMFGwP</subfield>
    </datafield>
    <datafield tag="700" ind1="1" ind2=" ">
      <subfield code="a">Angst, Wolfgang,</subfield>
      <subfield code="d">1488-1523 or 1524,</subfield>
      <subfield code="e">writer of supplementary textual content.</subfield>
      <subfield code="4">wst</subfield>
      <subfield code="1">https://id.oclc.org/worldcat/entity/E39PCjJHkjdWd93dhwXr788FYX</subfield>
    </datafield>
    <datafield tag="700" ind1="1" ind2=" ">
      <subfield code="a">Schöffer, Johann,</subfield>
      <subfield code="d">approximately 1468-1531,</subfield>
      <subfield code="e">printer.</subfield>
      <subfield code="4">prt</subfield>
      <subfield code="1">https://id.oclc.org/worldcat/entity/E39PBJgMv7vwgk8K7d34dqRxjC</subfield>
    </datafield>
    <datafield tag="752" ind1=" " ind2=" ">
      <subfield code="a">Germany</subfield>
      <subfield code="b">Rhineland-Palatinate</subfield>
      <subfield code="d">Mainz,</subfield>
      <subfield code="e">publication place.</subfield>
      <subfield code="4">pup</subfield>
    </datafield>
    <datafield tag="758" ind1=" " ind2=" ">
      <subfield code="i">has work:</subfield>
      <subfield code="a">Vlrichi de Hutten Eq. De guaiaci medicina et morbo Gallico liber vnus (Text)</subfield>
      <subfield code="1">https://id.oclc.org/worldcat/entity/E39PCG8k8xp9yhWB74fcGfD7RC</subfield>
      <subfield code="4">https://id.oclc.org/worldcat/ontology/hasWork</subfield>
    </datafield>
  </record>